| 000 | 00841nam a22001937a 4500 | ||
|---|---|---|---|
| 999 |
_c1874 _d1874 |
||
| 003 | AR-CdUCM | ||
| 008 | 190228b ||||| |||| 00| 0 spa d | ||
| 040 |
_aMUNICIPALIDAD PROVINCIAL DEL CUSCO _cBIBLIOTECA MUNICIPAL DEL CUSCO |
||
| 082 |
_a370.82 / _bB23 |
||
| 100 |
_aBarnils Masat, Domingo _96868 |
||
| 245 |
_aLos problemas de Rogelio : _bconversaciones sobre religión / |
||
| 260 |
_aLima : _bMinisterio de educación Publica , _c1961. |
||
| 300 |
_a62 páginas ; _bImágenes ; _c22 cm. |
||
| 440 |
_aColección de Educación religiosa _96869 |
||
| 505 | _aLos dos protagonistas -- El Dueño del mundo -- Existencia de una sombra en la Creación -- El primer mal y sus consecuencias -- Aparece una nueva aurora -- Brilla el sol con esplendor... | ||
| 650 |
_aTemas religiosos. _96870 |
||
| 942 |
_2ddc _cLIBROS |
||
| 945 |
_awfj _d2019-02-28 |
||